America in the 20th Century (Record no. 9877)
[ view plain ]
| 000 -LEADER | |
|---|---|
| fixed length control field | 00399nam a22001457a 4500 |
| 003 - CONTROL NUMBER IDENTIFIER | |
| control field | OSt |
| 005 - DATE AND TIME OF LATEST TRANSACTION | |
| control field | 20251208095501.0 |
| 008 - FIXED-LENGTH DATA ELEMENTS--GENERAL INFORMATION | |
| fixed length control field | 251208b |||||||| |||| 00| 0 eng d |
| 020 ## - INTERNATIONAL STANDARD BOOK NUMBER | |
| International Standard Book Number | 1854357360 |
| 040 ## - CATALOGING SOURCE | |
| Transcribing agency | Marshall Cavendish Corporation |
| 050 ## - LIBRARY OF CONGRESS CALL NUMBER | |
| Classification number | E169.1 .A471 1995 |
| 245 ## - TITLE STATEMENT | |
| Title | America in the 20th Century |
| 260 ## - PUBLICATION, DISTRIBUTION, ETC. | |
| Place of publication, distribution, etc. | North Bellmore |
| Name of publisher, distributor, etc. | Marshall Cavendish Corporation |
| Date of publication, distribution, etc. | 1995 |
| 942 ## - ADDED ENTRY ELEMENTS (KOHA) | |
| Source of classification or shelving scheme | Dewey Decimal Classification |
| Koha item type | Books |
| Suppress in OPAC | No |
| Withdrawn status | Lost status | Source of classification or shelving scheme | Damaged status | Not for loan | Home library | Current library | Date acquired | Total checkouts | Barcode | Date last seen | Price effective from | Koha item type |
|---|---|---|---|---|---|---|---|---|---|---|---|---|
| Library of Congress Classification | PIU Library | PIU Library | 12/08/2025 | PIUDL1995 | 12/08/2025 | 12/08/2025 | Books |